000 00668nam a2200205Ii 4500
003 JO-AjNU
008 230605s9999||||xx |||||||||||||| ||und||
040 _aJO-AjNU
_bara
_erda
_cJO-AjNU
041 _aara
050 1 4 _aAC9.A5.2004
100 3 _aالعلمي،شريف,
_eauthor
_911196
245 0 0 _aسين..جيم ج1
250 _aط20
264 3 1 _aبيروت:شركة المطبوعات للتوزيع والنشر ،2004
300 _aج1 188ص
_bصور توضيحية
336 _atext
_btxt
_2rdacontent
337 _aunmediated
_bn
_2rdamedia
338 _avolume
_bnc
_2rdacarrier
650 4 _a معارف عامة -- أسئلة و أجوبة 
_911197
999 _aA2198
_c5766
_d5766